Genshin Impact Character Last Names - Statistics

General Stats
  • This quiz has been taken 197 times
  • The average score is 19 of 25
Answer Stats
Hint Answer % Correct
Yae Miko
97%
Kamisato Ayaka
96%
Arataki Itto
96%
Kuki Shinobu
96%
Kamisato Ayato
95%
Kaedehara Kazuha
95%
Kujou Sara
95%
Sangonomiya Kokomi
93%
Yun Jin
92%
Shikanoin Heizou
89%
Tao Hu
88%
Alberich Kaeya
88%
Ragnvindr Diluc
86%
Gunnhildr Jean
83%
Megistus Mona
81%
Lawrence Eula
73%
Katzlein Diona
72%
Naganohara Yoimiya
65%
Pegg Barbara
64%
Minci Lisa
57%
Mao Xiangling
55%
Schmidt Mika
54%
Yip Gaming
41%
Caspar Navia
36%
Xi Beidou
23%
No matching quizzes found
Score Distribution
Percent of People with Each Score
Percentile by Number Answered
Your Score History
You have not taken this quiz